Úloha Medzinárodného menového fondu v čase finančnej krízy
Vplyv finančnej krízy na riadenie a zdroje Medzinárodného menového fondu. Modernizácia riadenia MMF. Reforma členských kvót MMF. Finančná úloha MMF. Trendy vo vývoji MMF vedú k výraznému posilneniu globálnej úlohy MMF, a to nielen v oblasti členskej základne. MMF sa stále viac približuje k úlohe ver...
Salvato in:
| Autore principale: | |
|---|---|
| Natura: | Capitolo di libro |
| Lingua: | slovacco |
| Soggetti: | |
| Tags: |
Nessun Tag, puoi essere il primo ad aggiungerne!!
|
MARC
| LEADER | 00000nla a2200000 4500 | ||
|---|---|---|---|
| 001 | 0169743 | ||
| 005 | 20240502072935.7 | ||
| 041 | 0 | |a slo | |
| 044 | |a SK | ||
| 245 | 1 | 0 | |a Úloha Medzinárodného menového fondu v čase finančnej krízy |c Ivana Lennerová |
| 520 | |a Vplyv finančnej krízy na riadenie a zdroje Medzinárodného menového fondu. Modernizácia riadenia MMF. Reforma členských kvót MMF. Finančná úloha MMF. Trendy vo vývoji MMF vedú k výraznému posilneniu globálnej úlohy MMF, a to nielen v oblasti členskej základne. MMF sa stále viac približuje k úlohe veriteľa poslednej inštancie, ktorý by bol určitou globálnou poistkou členských krajín proti negatívnym náladám súkromných trhov. | ||
| 610 | 2 | 0 | |a Medzinárodný menový fond |
| 610 | 2 | 0 | |a kríza finančná |
| 610 | 2 | 0 | |a kvóty |
| 100 | 1 | |a Lennerová, Ivana, 1979- | |